Statistiques concernant Pokémon deuxième génération - Les deux premières lettres !

Cliquez ici pour prendre le quiz!

Statistiques générales

  • Ce quiz a été pris 185 fois
  • Le résultat moyen est 79 sur 100

Statistiques - réponses

Numéro PokédexPokémon% Correct
192Héliatronc
98%
155Héricendre
98%
153Macronium
97%
240Magby
97%
228Malosse
97%
195Maraiste
97%
220Marcacrin
97%
183Marill
97%
236Debugant
96%
226Démanta
96%
229Démolosse
96%
160Aligatueur
94%
159Crocrodil
94%
158Kaiminus
94%
237Kapoera
94%
154Meganium
94%
173Melo
94%
196Mentali
94%
152Germignon
93%
250Ho-oh
93%
163Hoothoot
93%
249Lugia
93%
164Noarfang
92%
197Noctali
92%
169Nostenfer
92%
157Typhlosion
92%
200Feuforêve
91%
156Feurisson
91%
248Tyranocif
91%
184Azumarill
90%
251Celebi
89%
234Cerfrousse
89%
205Foretress
89%
162Fouinar
89%
161Fouinette
89%
243Raikou
89%
221Cochignon
88%
222Corayon
88%
198Cornèbre
88%
189Cotovol
88%
165Coxy
88%
166Coxyclaque
88%
180Lainergie
88%
171Lanturn
88%
245Suicune
88%
175Togepi
88%
176Togetic
88%
174Toudoudou
88%
191Tournegrin
88%
244Entei
87%
168Migalos
85%
167Mimigal
85%
170Loupio
84%
232Donphan
83%
238Lippouti
83%
204Pomdepik
83%
247Ymphect
83%
218Limagma
82%
233Porygon2
82%
246Embrylex
81%
179Wattouat
81%
210Granbull
79%
187Granivol
79%
231Phanpy
79%
181Pharamp
79%
188Floravol
78%
194Axoloto
76%
239Élekid
74%
219Volcaropod
74%
172Pichu
71%
225Cadoizo
69%
190Capumain
69%
213Caratroc
69%
212Cizayox
69%
242Leuphorie
67%
223Rémoraid
67%
209Snubbull
67%
177Natu
64%
199Roigada
64%
203Girafarig
60%
215Farfuret
58%
182Joliflor
58%
224Octillery
57%
178Xatu
57%
214Scarhino
56%
207Scorplane
56%
185Simularbre
56%
235Queulorior
55%
202Qulbutoké
55%
208Steelix
55%
186Tarpaud
55%
216Teddiursa
55%
201Zarbi
54%
241Écrémeuh
53%
227Airmure
51%
230Hyporoi
47%
217Ursaring
46%
206Insolourdo
40%
211Qwilfish
37%
193Yanma
37%

Distribution des résultats

Percentile par nombre de réponses

% des personnes avec chaque résultat

Votre développement - résultats

Vous n’avez pas pris ce quiz